| 000 | 00487nam a2200169 a 4500 | ||
|---|---|---|---|
| 001 | 198 | ||
| 005 | 20180713180346.0 | ||
| 008 | 140415s1984 000 0 spa d | ||
| 041 | _aspa | ||
| 082 |
_a624.1 _bWES |
||
| 100 | 1 | _aWEST, HARRY H. | |
| 245 | 1 | 0 |
_aANALISIS DE ESTRUCTURAS : _bUNA INTEGRACION DE LOS METODOS CLASICOS Y MODERNOS |
| 260 |
_a[s.l.] : _bCECSA, _c1984 |
||
| 300 | _a719 | ||
| 650 | 1 | 4 | _aINGENIERIA DE ESTRUCTURAS |
| 700 | 1 |
_aORDOĆEZ REYNA, LUIS _etr. |
|
| 999 |
_c198 _d198 |
||